[Event "4NCL Online Division 4"]
[Site "online"]
[Date "2020.04.14"]
[Round "2.162"]
[White "Trudeau, Gary"]
[Black "Pal, Rohan"]
[Result "1-0"]
[WhiteElo "1870"]
[BlackElo "1832"]
[PlyCount "111"]
[EventDate "2020.04.14"]
[WhiteTeam "East Cornwall Killers"]
[BlackTeam "Warwickshire Bears A"]

1. e4 e5 2. d4 exd4 3. Nf3 d5 4. Qxd4 Nf6 5. exd5 Qxd5 6. Nc3 Qxd4 7. Nxd4 Bc5
8. Nb3 Bb6 9. Bg5 Ng4 10. Bh4 O-O 11. h3 Ne5 12. O-O-O Nbc6 13. Be2 Bf5 14. g4
Bg6 15. f4 Be3+ 16. Kb1 Bxf4 17. Nd5 Be4 18. Nxf4 Bxh1 19. Rxh1 Rfe8 20. Bd1 f6
21. Bg3 Rad8 22. Re1 b6 23. c3 a5 24. a4 Re7 25. Bc2 Rde8 26. Nd5 Rd7 27. Be4
Nd3 28. Bxd3 Rxe1+ 29. Bxe1 Rxd5 30. Bc4 Ne7 31. Bg3 c6 32. Bd6 Kf7 33. Bxe7
Kxe7 34. Bxd5 cxd5 35. Nd4 Kd6 36. Nf5+ Ke5 37. Nxg7 Kf4 38. Nh5+ Kg5 39. Kc2
f5 40. Kd3 fxg4 41. hxg4 Kxg4 42. Nf6+ Kg3 43. Nxh7 Kf4 44. Kd4 Kf3 45. Kxd5
Ke3 46. Kc4 Kd2 47. b4 b5+ 48. Kxb5 Kxc3 49. bxa5 Kd4 50. a6 Kd5 51. a7 Kd6 52.
a8=Q Kc7 53. Qc6+ Kb8 54. Nf6 Ka7 55. Qd7+ Ka8 56. Nd5 1-0

[Event "4NCL Online Division 4"]
[Site "online"]
[Date "2020.04.14"]
[Round "2.163"]
[White "Sandhu, Manvith"]
[Black "Kirkman, Nigel J"]
[Result "1-0"]
[WhiteElo "1885"]
[BlackElo "1795"]
[PlyCount "31"]
[EventDate "2020.04.14"]
[WhiteTeam "Warwickshire Bears A"]
[BlackTeam "East Cornwall Killers"]

1. e4 e6 2. d4 d5 3. Bd3 c5 4. exd5 Qxd5 5. Nc3 Qxd4 6. Nb5 Qd8 7. Bf4 Na6 8.
Nf3 Bd7 9. Ne5 Nf6 10. O-O Be7 11. Qf3 Nd5 12. Nxf7 Kxf7 13. Bc7+ Bf6 14. Bxd8
Raxd8 15. Nd6+ Kg8 16. Nxb7 1-0

[Event "4NCL Online Division 4"]
[Site "online"]
[Date "2020.04.14"]
[Round "2.164"]
[White "Hill, Michael"]
[Black "Dicen, Imogen"]
[Result "0-1"]
[WhiteElo "1727"]
[BlackElo "1847"]
[PlyCount "134"]
[EventDate "2020.04.14"]
[WhiteTeam "East Cornwall Killers"]
[BlackTeam "Warwickshire Bears A"]

1. Nf3 e6 2. d4 f5 3. e3 Nf6 4. Nbd2 Be7 5. c4 b6 6. a3 Bb7 7. Be2 O-O 8. b3
Qc8 9. Bb2 Na6 10. O-O c5 11. Qc2 Qc7 12. Rfd1 Rac8 13. dxc5 Nxc5 14. Be5 d6
15. Bb2 Rfd8 16. Nd4 Qd7 17. b4 Nce4 18. Qb3 Re8 19. Nxe4 Nxe4 20. f3 Ng5 21.
Bc1 Nf7 22. b5 Bf6 23. Bb2 e5 24. Nc2 Kh8 25. a4 Qe6 26. Rab1 Red8 27. Nb4 g6
28. Bc3 Bg7 29. Be1 Nh6 30. h3 Ng8 31. Nd5 Nf6 32. Bh4 Rd7 33. Bxf6 Bxf6 34. e4
Bg7 35. Bd3 Qf7 36. Rbc1 Bh6 37. Rc2 Bxd5 38. cxd5 Be3+ 39. Kf1 Rxc2 40. Bxc2
Bd4 41. Qb1 f4 42. Bd3 Rc7 43. Rc1 Rc5 44. Rxc5 Bxc5 45. Qe1 Qf6 46. Be2 Kg7
47. g4 fxg3 48. Qxg3 h5 49. Kg2 Kh6 50. Kf1 Be3 51. Qg2 Qh4 52. Bc4 g5 53. Ke2
Qf4 54. Bd3 Bd4 55. Kd1 Bc5 56. Bf1 Qe3 57. Qe2 Qb3+ 58. Ke1 Qxa4 59. Bg2 Qb4+
60. Kf1 Qd4 61. Ke1 Kg6 62. h4 Qb4+ 63. Qd2 Qxd2+ 64. Kxd2 gxh4 65. Bh3 Kg5 66.
Ke2 Kf4 67. Bf5 Kg3 0-1

[Event "4NCL Online Division 4"]
[Site "online"]
[Date "2020.04.21"]
[Round "3.11"]
[White "Buanne, Luca"]
[Black "Alvares, Owen"]
[Result "1-0"]
[WhiteElo "1922"]
[BlackElo "1840"]
[PlyCount "83"]
[EventDate "2020.04.21"]
[WhiteTeam "Battersea Howitzers"]
[BlackTeam "Catford Cosmonauts 3"]

1. e4 e5 2. Nf3 d6 3. Bc4 h6 4. d4 exd4 5. Nxd4 Nf6 6. Nc3 Be7 7. O-O O-O 8. a4
Bd7 9. h3 Nc6 10. Be3 Ne5 11. Bb3 Qc8 12. Qe2 b6 13. f4 Nc6 14. Rad1 Nxd4 15.
Bxd4 Nh7 16. Nd5 Qd8 17. Nxe7+ Qxe7 18. Qf3 Kh8 19. Qc3 f6 20. e5 fxe5 21. fxe5
Rxf1+ 22. Rxf1 c5 23. Rf7 cxd4 24. Qf3 Qe8 25. Rxd7 dxe5 26. Qg4 Qf8 27. Rf7
Qg8 28. Rxa7 Qf8 29. Rf7 Qg8 30. h4 Rf8 31. Rf2 Rxf2 32. Bxg8 Rf4 33. Qe6 Rf6
34. Qd5 Nf8 35. Bf7 Kh7 36. Bh5 Re6 37. Qa8 Rf6 38. Qe4+ Kg8 39. Qxe5 d3 40.
cxd3 Re6 41. Qd5 Kh7 42. Qf5+ 1-0

[Event "4NCL Online Division 4"]
[Site "online"]
[Date "2020.04.21"]
[Round "3.12"]
[White "Stewart, Martin"]
[Black "Kolani, Arjun"]
[Result "0-1"]
[WhiteElo "1802"]
[BlackElo "1937"]
[PlyCount "34"]
[EventDate "2020.04.21"]
[WhiteTeam "Catford Cosmonauts 3"]
[BlackTeam "Battersea Howitzers"]

1. e4 e5 2. f4 exf4 3. Nf3 g5 4. Bc4 Bg7 5. d4 d6 6. h4 h6 7. Nc3 Nc6 8. Qd2
Bd7 9. a3 Qe7 10. Qd3 g4 11. Ng1 Nxd4 12. Bxf4 c6 13. O-O-O O-O-O 14. Nge2
Nxe2+ 15. Nxe2 Be6 16. Nc3 Nf6 17. Bxd6 Rxd6 0-1

[Event "4NCL Online Division 4"]
[Site "online"]
[Date "2020.04.21"]
[Round "3.13"]
[White "Dupuis, Denis K"]
[Black "Sedykh, Stakhey"]
[Result "1-0"]
[WhiteElo "1870"]
[BlackElo "1772"]
[PlyCount "49"]
[EventDate "2020.04.21"]
[WhiteTeam "Battersea Howitzers"]
[BlackTeam "Catford Cosmonauts 3"]

1. e4 e5 2. Nf3 Nc6 3. Bc4 Bc5 4. c3 Nf6 5. d4 exd4 6. cxd4 Bb4+ 7. Bd2 Bxd2+
8. Nbxd2 d5 9. exd5 Nxd5 10. Qb3 Nce7 11. O-O O-O 12. Rfe1 c6 13. Ne4 Nb6 14.
Bd3 Ned5 15. Nc5 Nf6 16. Rad1 Rb8 17. Ne5 Nbd5 18. Nxc6 Qd6 19. Nxb8 Ng4 20. g3
Qf6 21. Re2 Nxh2 22. Qxd5 Nf3+ 23. Kg2 Bg4 24. Qe4 Ng5 25. Qxg4 1-0

[Event "4NCL Online Division 4"]
[Site "online"]
[Date "2020.04.21"]
[Round "3.14"]
[White "Orpwood, Steven"]
[Black "Steiners, Emils"]
[Result "1-0"]
[WhiteElo "1742"]
[BlackElo "1405"]
[PlyCount "139"]
[EventDate "2020.04.21"]
[WhiteTeam "Catford Cosmonauts 3"]
[BlackTeam "Battersea Howitzers"]

1. e4 e6 2. d4 d5 3. exd5 exd5 4. Bf4 Nc6 5. h3 Nf6 6. Nf3 Bd6 7. Bxd6 Qxd6 8.
c3 O-O 9. Be2 Bf5 10. O-O Rad8 11. Bd3 Bxd3 12. Qxd3 Rfe8 13. Nbd2 Ne4 14. Rae1
Nxd2 15. Qxd2 h6 16. Rxe8+ Rxe8 17. Re1 Qd7 18. Re3 f6 19. Qe2 Rxe3 20. Qxe3
Qe7 21. Ne1 Kf7 22. Nd3 b6 23. Kf1 Qxe3 24. fxe3 Ke6 25. Nf4+ Kf5 26. Nxd5 Ke4
27. Nxc7 Kxe3 28. Ke1 Kd3 29. Nb5 Kc2 30. d5 Nd8 31. Nxa7 Kxb2 32. c4 Kc3 33.
Nc8 Kxc4 34. Nxb6+ Kc5 35. Na4+ Kxd5 36. Nc3+ Kc4 37. Kd2 Ne6 38. h4 h5 39. Ne2
g5 40. hxg5 fxg5 41. Ke3 Kd5 42. Kd3 Ke5 43. Kc4 g4 44. a4 h4 45. a5 g3 46. a6
Nc7 47. a7 Ke4 48. Kc5 Ke5 49. Kc6 Na8 50. Ng1 Ke6 51. Nf3 Ke7 52. Kb7 Kd8 53.
Kxa8 Kc8 54. Nxh4 Kc7 55. Nf5 Kc8 56. Nxg3 Kc7 57. Nf5 Kc8 58. g4 Kc7 59. g5
Kc8 60. g6 Kc7 61. g7 Kc8 62. g8=Q+ Kc7 63. Qb8+ Kc6 64. Qc8+ Kb6 65. Qb7+ Kc5
66. Kb8 Kc4 67. Qc6+ Kb4 68. a8=Q Kb3 69. Qab7+ Ka3 70. Qca6# 1-0

[Event "4NCL Online Division 4"]
[Site "online"]
[Date "2020.04.21"]
[Round "3.21"]
[White "Dean, Robert A"]
[Black "Carter, John P"]
[Result "0-1"]
[WhiteElo "1744"]
[BlackElo "1802"]
[PlyCount "58"]
[EventDate "2020.04.21"]
[WhiteTeam "Bradford DCA Knights B"]
[BlackTeam "Wantage"]

1. e4 e5 2. Nf3 Nc6 3. Bb5 Nf6 4. O-O Nxe4 5. d4 Nd6 6. Ba4 e4 7. Re1 Be7 8.
Ne5 O-O 9. Nc3 f5 10. Nd5 Nxe5 11. dxe5 Nf7 12. Bb3 d6 13. Nxe7+ Qxe7 14. exd6
Qxd6 15. Qe2 Be6 16. Rd1 Qc6 17. Bf4 Bxb3 18. cxb3 Nd6 19. Rac1 Qb6 20. Rc2
Rad8 21. Rdc1 Rd7 22. Be3 Qa5 23. a4 f4 24. Bd2 Qg5 25. Rxc7 Rxc7 26. Rxc7 e3
27. fxe3 f3 28. Qf2 Ne4 29. h4 Qg4 0-1

[Event "4NCL Online Division 4"]
[Site "online"]
[Date "2020.04.21"]
[Round "3.22"]
[White "Piggott, Roly"]
[Black "Tait, Bill"]
[Result "1/2-1/2"]
[WhiteElo "1772"]
[BlackElo "1640"]
[PlyCount "75"]
[EventDate "2020.04.21"]
[WhiteTeam "Wantage"]
[BlackTeam "Bradford DCA Knights B"]

1. d4 d5 2. c4 c6 3. Nf3 Nf6 4. e3 Nbd7 5. Bd3 e6 6. O-O Be7 7. b3 b6 8. Ba3
O-O 9. Bxe7 Qxe7 10. Nc3 Bb7 11. Qc2 h6 12. Rad1 Kh8 13. Rfe1 Rae8 14. e4 dxe4
15. Nxe4 Nxe4 16. Bxe4 Nf6 17. Bd3 Qc7 18. Qe2 c5 19. Bb1 cxd4 20. Rxd4 Rd8 21.
Red1 Rxd4 22. Rxd4 Qc5 23. Rd1 Qc6 24. Qd3 Kg8 25. Ne1 Qc7 26. Qd6 Qxd6 27.
Rxd6 Rc8 28. Bd3 Kf8 29. f3 Ke7 30. Rd4 e5 31. Rh4 h5 32. Be4 Bxe4 33. fxe4 Rd8
34. Nf3 Ke6 35. Ng5+ Ke7 36. Nf3 Ke6 37. Ng5+ Ke7 38. Nf3 1/2-1/2

[Event "4NCL Online Division 4"]
[Site "online"]
[Date "2020.04.21"]
[Round "3.23"]
[White "Gallagher, Dominic"]
[Black "Mills, Matt"]
[Result "1-0"]
[WhiteElo "1570"]
[BlackElo "1465"]
[PlyCount "113"]
[EventDate "2020.04.21"]
[WhiteTeam "Bradford DCA Knights B"]
[BlackTeam "Wantage"]

1. d4 Nf6 2. Bf4 g6 3. Nc3 Bg7 4. e4 d6 5. Qd2 O-O 6. O-O-O b5 7. Bd3 b4 8.
Nce2 a5 9. h4 Ba6 10. f3 Bxd3 11. cxd3 Na6 12. Bh6 c5 13. g4 cxd4 14. Bxg7 Kxg7
15. h5 b3 16. axb3 Rc8+ 17. Kb1 Rh8 18. Nxd4 e5 19. Nde2 Qb6 20. Nc3 Qxb3 21.
Nge2 d5 22. h6+ Kf8 23. Rc1 Ke7 24. g5 Nd7 25. Nxd5+ Kd6 26. Rc3 Rxc3 27. Qxc3
Qxc3 28. Nexc3 Ndc5 29. Kc2 Ne6 30. Ra1 Nb4+ 31. Nxb4 axb4 32. Ra6+ Kd7 33.
Ra7+ Kc6 34. Nd5 Nxg5 35. f4 exf4 36. Nxf4 Rc8 37. Kb3 Rc7 38. Rxc7+ Kxc7 39.
Nd5+ Kc6 40. Kxb4 Nf3 41. Nf6 Ne5 42. d4 Nd7 43. Nxh7 f5 44. exf5 gxf5 45. Ng5
Nf6 46. Kc4 f4 47. h7 Nxh7 48. Nxh7 f3 49. Kd3 f2 50. Ke2 Kd5 51. Ng5 f1=Q+ 52.
Kxf1 Kxd4 53. Ke2 Kc4 54. Kd2 Kb3 55. Kc1 Kb4 56. Kc2 Kc4 57. Nf3 1-0

[Event "4NCL Online Division 4"]
[Site "online"]
[Date "2020.04.21"]
[Round "3.24"]
[White "Leake, John"]
[Black "Waite, Nicholas"]
[Result "1-0"]
[WhiteElo "1307"]
[BlackElo "1412"]
[PlyCount "56"]
[EventDate "2020.04.21"]
[WhiteTeam "Wantage"]
[BlackTeam "Bradford DCA Knights B"]

1. c4 e5 2. Nc3 d6 3. Nf3 Nd7 4. d4 c6 5. e4 Ngf6 6. d5 Be7 7. Be2 O-O 8. O-O
Re8 9. h3 a6 10. Re1 c5 11. Nh4 g6 12. Qd3 Rf8 13. Qg3 Ne8 14. Nf5 Ng7 15.
Nxe7+ Qxe7 16. Bh6 f5 17. Bg5 Qf7 18. Bf3 Nf6 19. Bh6 f4 20. Qh4 Kh8 21. Rab1
Rg8 22. Bg5 Rf8 23. b4 b6 24. bxc5 bxc5 25. Rb6 Nge8 26. Bh6 Rg8 27. Reb1 Nd7
28. Rc6 Nb8 1-0

[Event "4NCL Online Division 4"]
[Site "online"]
[Date "2020.04.21"]
[Round "3.31"]
[White "Rossiter, Alex"]
[Black "Allison, Conrad"]
[Result "1-0"]
[WhiteElo "1997"]
[BlackElo "1837"]
[PlyCount "61"]
[EventDate "2020.04.21"]
[WhiteTeam "Bristol Cabot Blackbeards"]
[BlackTeam "Kent KJCA Kestrels C"]

1. e4 d6 2. d4 Nf6 3. Nc3 Nbd7 4. Nf3 e5 5. Bc4 Be7 6. a4 c6 7. O-O Qc7 8. h3
h6 9. Re1 g5 10. a5 Nf8 11. Bb3 Ng6 12. Be3 Nf4 13. dxe5 N6h5 14. exd6 Bxd6 15.
e5 Bb4 16. Ne4 Bxe1 17. Nd6+ Kf8 18. Nxf7 Bb4 19. Nxh8 g4 20. Nd4 gxh3 21. Bxf4
Nxf4 22. Qf3 Bd2 23. Ng6+ Ke8 24. Nxf4 Qxe5 25. Nfe6 Bxe6 26. Nxe6 Ke7 27. Qxh3
h5 28. Qh4+ Kd6 29. Rd1 Qe2 30. Qb4+ c5 31. Rxd2+ 1-0

[Event "4NCL Online Division 4"]
[Site "online"]
[Date "2020.04.21"]
[Round "3.32"]
[White "Verma, Shlok"]
[Black "Turner, Lewis A"]
[Result "1-0"]
[WhiteElo "1722"]
[BlackElo "1802"]
[PlyCount "91"]
[EventDate "2020.04.21"]
[WhiteTeam "Kent KJCA Kestrels C"]
[BlackTeam "Bristol Cabot Blackbeards"]

1. d4 d5 2. c4 c6 3. Nf3 Nf6 4. Nc3 e6 5. Bg5 dxc4 6. e4 b5 7. e5 h6 8. Bh4 g5
9. Nxg5 hxg5 10. Bxg5 Nbd7 11. Qf3 Bb7 12. exf6 Qb6 13. Qe3 O-O-O 14. Rd1 c5
15. d5 b4 16. dxe6 Qxe6 17. Qxe6 fxe6 18. Ne2 Ne5 19. Rxd8+ Kxd8 20. Nf4 Kd7
21. Be2 Bd6 22. h4 Nf7 23. Rh3 c3 24. Bb5+ Kc7 25. bxc3 bxc3 26. Kd1 e5 27. Bc4
Nxg5 28. hxg5 Rxh3 29. Nxh3 Be4 30. f3 Bg6 31. Nf2 c2+ 32. Kc1 e4 33. Nxe4 Bf4+
34. Kxc2 Bxg5 35. f7 Be7 36. Kb3 Kd7 37. Nc3 Bf8 38. g4 Ke7 39. Nb5 a6 40. Nc7
a5 41. Ne6 Bxf7 42. Nxf8 a4+ 43. Kc3 Kxf8 44. Bxf7 Kxf7 45. Kc4 Kf6 46. Kxc5
1-0

[Event "4NCL Online Division 4"]
[Site "online"]
[Date "2020.04.21"]
[Round "3.33"]
[White "Novakov, Oleksii"]
[Black "Metcalfe, Charlie P"]
[Result "1-0"]
[WhiteElo "1562"]
[BlackElo "1797"]
[PlyCount "131"]
[EventDate "2020.04.21"]
[WhiteTeam "Bristol Cabot Blackbeards"]
[BlackTeam "Kent KJCA Kestrels C"]

1. e4 e5 2. Nf3 Nc6 3. Bc4 Bc5 4. O-O d6 5. h3 Nf6 6. Re1 O-O 7. c3 Bb6 8. d4
h6 9. Be3 Re8 10. Nbd2 exd4 11. Bxd4 Nxd4 12. Nxd4 c6 13. Bd3 Bd7 14. N2f3 Re7
15. e5 dxe5 16. Nxe5 Bxd4 17. cxd4 Be6 18. Nf3 Qb6 19. b3 Rd7 20. Bc4 Bd5 21.
Ne5 Rdd8 22. Rb1 Bxc4 23. bxc4 Rxd4 24. Qc1 Qc7 25. Qb2 Re4 26. Rxe4 Nxe4 27.
Qxb7 Rc8 28. Qxc7 Rxc7 29. Rb8+ Kh7 30. f3 Nc3 31. a3 f6 32. Ng4 Kg6 33. Kf2
Kf5 34. Ne3+ Ke5 35. Re8+ Kd4 36. Rg8 Nb1 37. Nf5+ Kxc4 38. Nxg7 Nxa3 39. Ne8
Rd7 40. Nxf6 Rd4 41. Ne4 a5 42. Rg6 c5 43. Rxh6 a4 44. Rc6 Rd5 45. Ra6 Kb4 46.
Rxa4+ Kxa4 47. Nc3+ Kb3 48. Nxd5 c4 49. h4 Nb5 50. h5 Nd6 51. h6 Nf7 52. h7 c3
53. Nxc3 Kxc3 54. Ke3 Kc4 55. g4 Kd5 56. g5 Nh8 57. f4 Ke6 58. Ke4 Kf7 59. f5
Kg7 60. g6 Kf6 61. Kf4 Nxg6+ 62. fxg6 Kg7 63. Kg5 Kh8 64. Kf5 Kg7 65. h8=Q+
Kxh8 66. Kf6 1-0

[Event "4NCL Online Division 4"]
[Site "online"]
[Date "2020.04.21"]
[Round "3.34"]
[White "Langley, Anthony M"]
[Black "Roberts, Mike"]
[Result "1/2-1/2"]
[WhiteElo "1480"]
[BlackElo "1450"]
[PlyCount "254"]
[EventDate "2020.04.21"]
[WhiteTeam "Kent KJCA Kestrels C"]
[BlackTeam "Bristol Cabot Blackbeards"]

1. e4 e5 2. Nf3 Nc6 3. Bc4 h6 4. d3 Bc5 5. O-O d6 6. c3 a6 7. b4 Ba7 8. Re1
Nge7 9. d4 exd4 10. Nxd4 O-O 11. Nxc6 Nxc6 12. Qf3 Ne5 13. Qe2 Ng4 14. Be3 Nxe3
15. fxe3 Qe8 16. Qf3 Be6 17. Bd3 c6 18. c4 Qd8 19. Nc3 Qg5 20. Kh1 f5 21. Qg3
Qxg3 22. hxg3 Rf6 23. exf5 Bxf5 24. e4 Bg6 25. a4 Raf8 26. b5 Bd4 27. Rac1 Bf2
28. Rf1 Bxg3 29. Rxf6 Rxf6 30. bxa6 bxa6 31. Ne2 Be5 32. Ng1 Bh5 33. c5 a5 34.
cxd6 Rxd6 35. Bc4+ Kh8 36. Rf1 Bf6 37. Rf5 Rd4 38. Rxh5 Rxc4 39. Rxa5 Rxe4 40.
Ra8+ Kh7 41. a5 Ra4 42. Nf3 Ra1+ 43. Kh2 Be7 44. Kg3 c5 45. a6 c4 46. a7 c3 47.
Rc8 Rxa7 48. Rxc3 Bf6 49. Rd3 Ra4 50. Kh3 h5 51. Rd5 Kh6 52. Rd6 Rg4 53. g3 Kh7
54. Re6 Rb4 55. Rc6 Rb3 56. Nh4 Be5 57. Nf5 g6 58. Re6 Bc3 59. Re7+ Kh8 60. Nh4
g5 61. Ng6+ Kg8 62. Re3 Kg7 63. Ne7 g4+ 64. Kg2 Ra3 65. Nd5 Ra2+ 66. Kf1 Ra1+
67. Kg2 Bb2 68. Re6 Ra2 69. Re2 Kg6 70. Nf4+ Kg5 71. Nd3 Kf5 72. Nxb2 Kf6 73.
Kf2 Kg5 74. Ke3 h4 75. gxh4+ Kxh4 76. Kf4 Kh3 77. Re3+ g3 78. Rxg3+ Kh2 79. Nd3
Ra4+ 80. Kf3 Ra3 81. Rg2+ Kh3 82. Rd2 Kh4 83. Rd1 Kg5 84. Ke3 Kg4 85. Rg1+ Kf5
86. Rg3 Ke6 87. Rg5 Kf6 88. Rb5 Ke6 89. Ke4 Kd6 90. Kd4 Kc6 91. Rb4 Ra1 92.
Ne5+ Kd6 93. Rb6+ Ke7 94. Kc5 Rc1+ 95. Nc4 Kd7 96. Rh6 Ke7 97. Kd5 Rd1+ 98. Ke5
Re1+ 99. Kd5 Rd1+ 100. Kc5 Rc1 101. Rh7+ Kf6 102. Rh5 Kg6 103. Rd5 Kf6 104. Rd4
Ke6 105. Rd6+ Ke7 106. Rd4 Ke6 107. Re4+ Kf5 108. Re2 Kf4 109. Kd4 Rd1+ 110.
Nd2 Kf5 111. Ke3 Ra1 112. Nc4 Ra4 113. Rf2+ Ke6 114. Re2 Kf6 115. Nd6 Ra3+ 116.
Kd4 Ra4+ 117. Kc5 Ra1 118. Rf2+ Ke5 119. Nc4+ Ke6 120. Kc6 Rc1 121. Re2+ Kf5
122. Kd5 Rd1+ 123. Nd2 Kf4 124. Kd4 Ra1 125. Rf2+ Kg4 126. Ke3 Ra3+ 127. Ke2
Ra2 1/2-1/2

[Event "4NCL Online Division 4"]
[Site "online"]
[Date "2020.04.21"]
[Round "3.41"]
[White "George, Ian M"]
[Black "Pedersen, Carsten"]
[Result "1/2-1/2"]
[WhiteElo "1922"]
[BlackElo "2155"]
[PlyCount "104"]
[EventDate "2020.04.21"]
[WhiteTeam "Camborne & Redruth"]
[BlackTeam "Celtic Tigers Cubs"]

1. e4 e6 2. d4 d5 3. Nc3 Nf6 4. Bg5 Be7 5. e5 Nfd7 6. Bxe7 Qxe7 7. f4 a6 8. Nf3
c5 9. dxc5 Nxc5 10. Bd3 Nc6 11. Qe2 b5 12. O-O b4 13. Nd1 a5 14. a3 b3 15. c3
Nxd3 16. Qxd3 Ba6 17. c4 Bxc4 18. Qc3 O-O 19. Re1 Rfc8 20. Ne3 Qa7 21. Rad1 Ne7
22. Qd4 Qa6 23. Qd2 h6 24. Kh1 a4 25. Nd4 Nc6 26. Nxc6 Qxc6 27. Qf2 Qb6 28. Qg3
d4 29. Ng4 Kh7 30. Qf2 Bd5 31. Rd2 Qa5 32. Qxd4 Rc2 33. Red1 Rxd2 34. Qxd2 Qxd2
35. Rxd2 Rc8 36. Ne3 g5 37. fxg5 Rc1+ 38. Rd1 Rxd1+ 39. Nxd1 hxg5 40. Nc3 Bc6
41. Kg1 Kg6 42. g4 f6 43. Kf2 f5 44. h3 f4 45. Ne2 Kf7 46. Nd4 Bd5 47. Nb5 Ke7
48. Nd6 Bc6 49. Nc4 Kd7 50. Nd6 Ke7 51. Nc4 Kd7 52. Nd6 Ke7 1/2-1/2

[Event "4NCL Online Division 4"]
[Site "online"]
[Date "2020.04.21"]
[Round "3.42"]
[White "Tivillier, Jacques"]
[Black "Williams, Philip J"]
[Result "1-0"]
[WhiteElo "1945"]
[BlackElo "1855"]
[PlyCount "139"]
[EventDate "2020.04.21"]
[WhiteTeam "Celtic Tigers Cubs"]
[BlackTeam "Camborne & Redruth"]

1. e4 e5 2. Nf3 Nc6 3. Bc4 Nf6 4. d4 exd4 5. O-O Nxe4 6. Re1 d5 7. Bxd5 Qxd5 8.
Nc3 Qa5 9. Rxe4+ Be6 10. Nxd4 O-O-O 11. Be3 Nxd4 12. Rxd4 Be7 13. Qf3 Rxd4 14.
Bxd4 Rg8 15. Re1 Bd6 16. Qe3 Kb8 17. Ne4 Be7 18. c3 b6 19. Ra1 Qa4 20. Nd2 Bd6
21. b3 Qa3 22. c4 Bf5 23. Nf3 h6 24. Ne5 Bxe5 25. Qxe5 Be6 26. c5 Kb7 27. cxb6
axb6 28. Qe4+ Kb8 29. Qh7 Qf8 30. Qe4 Qa3 31. Qe2 Kb7 32. Bb2 Qa6 33. Qe4+ Kb8
34. a4 Qb7 35. Qe3 Qd5 36. b4 Qb3 37. Bc3 Rd8 38. h3 Rd1+ 39. Rxd1 Qxd1+ 40.
Kh2 Qxa4 41. Bxg7 Qxb4 42. Bxh6 Qb3 43. Qf4 Qc4 44. Qf6 b5 45. Bf4 b4 46. h4 b3
47. Be5 Qd5 48. h5 b2 49. Qh8+ Kb7 50. Bxb2 Bf5 51. Qf6 Qd6+ 52. Qxd6 cxd6 53.
Kg3 Kc6 54. Kf4 Bh7 55. Kg5 Kd7 56. Kh6 Be4 57. Kg7 Bxg2 58. h6 Be4 59. h7 Bxh7
60. Kxh7 Ke6 61. Kh6 Kf5 62. Kh5 Ke4 63. Kg4 f5+ 64. Kg5 f4 65. Kg4 f3 66. Bc1
d5 67. Bd2 Kd3 68. Ba5 Ke4 69. Bb4 d4 70. Ba5 1-0

[Event "4NCL Online Division 4"]
[Site "online"]
[Date "2020.04.21"]
[Round "3.43"]
[White "Morgan, Jamie"]
[Black "Kitchen, Peter J"]
[Result "1-0"]
[WhiteElo "1877"]
[BlackElo "1862"]
[PlyCount "95"]
[EventDate "2020.04.21"]
[WhiteTeam "Camborne & Redruth"]
[BlackTeam "Celtic Tigers Cubs"]

1. e4 e6 2. d4 d5 3. exd5 exd5 4. Nf3 Nf6 5. Bd3 Bd6 6. Qe2+ Be6 7. c4 dxc4 8.
Bxc4 Qe7 9. O-O O-O 10. Nc3 c6 11. Bg5 Nbd7 12. Rfe1 Rfe8 13. Rad1 Nb6 14. Bxe6
Qxe6 15. Qd3 Qd7 16. Bxf6 gxf6 17. Nh4 Rxe1+ 18. Rxe1 Re8 19. Ne4 Kh8 20. Qf3
Nd5 21. Nf5 Bb8 22. Ne3 Qe6 23. Nf5 Nf4 24. g3 Qxf5 25. gxf4 Qxf4 26. Qxf4 Bxf4
27. Kf1 f5 28. Ng3 Rxe1+ 29. Kxe1 Bc1 30. b3 f4 31. Ne2 Kg7 32. Nxc1 Kf6 33.
Nd3 Kf5 34. f3 b6 35. Ne5 c5 36. Nxf7 cxd4 37. Ke2 a6 38. Kd3 Kf6 39. Nd6 Ke6
40. Ne4 Ke5 41. Ng5 h5 42. Ne4 b5 43. Nc5 a5 44. Nb7 a4 45. bxa4 bxa4 46. Kc4
h4 47. a3 h3 48. Nc5 1-0

[Event "4NCL Online Division 4"]
[Site "online"]
[Date "2020.04.21"]
[Round "3.44"]
[White "White, John"]
[Black "Oates, Thomas"]
[Result "1-0"]
[WhiteElo "1817"]
[BlackElo "1645"]
[PlyCount "65"]
[EventDate "2020.04.21"]
[WhiteTeam "Celtic Tigers Cubs"]
[BlackTeam "Camborne & Redruth"]

1. e4 c5 2. Ne2 Nc6 3. Ng3 g6 4. c3 Bg7 5. Be2 d6 6. O-O e6 7. d3 Nf6 8. f4 Nd7
9. f5 O-O 10. Na3 a6 11. Nc2 Nf6 12. Ne3 d5 13. Ng4 d4 14. e5 Nxg4 15. f6 Nxf6
16. exf6 Bxf6 17. Ne4 Be7 18. Bh6 Re8 19. Qd2 Ne5 20. Qf4 f6 21. Nxf6+ Bxf6 22.
Qxf6 Qxf6 23. Rxf6 Nf7 24. Bd2 Bd7 25. Raf1 Rf8 26. cxd4 cxd4 27. Bb4 Be8 28.
Bxf8 Kxf8 29. Rxe6 Kg7 30. Re7 b5 31. Bg4 Kf8 32. Rc7 Rd8 33. Be6 1-0

[Event "4NCL Online Division 4"]
[Site "online"]
[Date "2020.04.21"]
[Round "3.51"]
[White "Tomlinson, Zak"]
[Black "Niedbal, Piotr"]
[Result "1/2-1/2"]
[WhiteElo "1802"]
[BlackElo "1893"]
[PlyCount "120"]
[EventDate "2020.04.21"]
[WhiteTeam "Chessmates"]
[BlackTeam "Urmston"]

1. e4 c5 2. Nf3 e6 3. d4 cxd4 4. Nxd4 Nc6 5. Nc3 Qc7 6. Ndb5 Qb8 7. Be2 a6 8.
Nd4 b5 9. Nxc6 dxc6 10. a3 c5 11. Bg5 Bb7 12. Bf3 Be7 13. Be3 Nf6 14. Qe2 O-O
15. O-O Qe5 16. g3 Qc7 17. Bf4 e5 18. Bg5 Rad8 19. Bxf6 Bxf6 20. Nd5 Qc6 21.
Rad1 g6 22. Rfe1 Rfe8 23. Bg2 Bc8 24. Rd2 Kg7 25. Nxf6 Qxf6 26. Red1 Rxd2 27.
Qxd2 Bg4 28. Re1 Rd8 29. Qc3 Qd6 30. h3 Be6 31. Re3 Qd4 32. Qxd4 Rxd4 33. Rd3
Kf6 34. f4 Rxd3 35. cxd3 g5 36. fxg5+ Kxg5 37. Kf2 h5 38. h4+ Kg6 39. Bf3 a5
40. Ke3 b4 41. Bd1 f6 42. Kd2 Bh3 43. Ba4 Bg4 44. axb4 axb4 45. Be8+ Kg7 46.
Bb5 f5 47. exf5 Bxf5 48. Kc2 Kf6 49. Kb3 Be6+ 50. Bc4 Bd7 51. Bd5 Kf5 52. Bf3
Bb5 53. Kc2 Be8 54. Kb3 Bb5 55. Kc2 Ba4+ 56. Kd2 Be8 57. Kc2 Bf7 58. Kd2 Be8
59. Kc2 Ba4+ 60. Kd2 Be8 1/2-1/2

[Event "4NCL Online Division 4"]
[Site "online"]
[Date "2020.04.21"]
[Round "3.52"]
[White "Bitlloch, Jordi"]
[Black "Fisher, Neal"]
[Result "0-1"]
[WhiteElo "1735"]
[BlackElo "1720"]
[PlyCount "120"]
[EventDate "2020.04.21"]
[WhiteTeam "Urmston"]
[BlackTeam "Chessmates"]

1. e4 e5 2. Nf3 d6 3. d4 exd4 4. Nxd4 Nf6 5. Nc3 c6 6. Bc4 Be7 7. O-O O-O 8. a4
a5 9. Re1 Re8 10. Bf4 Nbd7 11. Bb3 Ne5 12. h3 Bd7 13. Nf5 Bxf5 14. exf5 Qc7 15.
g4 Nfd7 16. Qe2 Bf8 17. Rad1 Nc5 18. Ba2 Qb6 19. Bxe5 Rxe5 20. Qc4 d5 21. Qd4
Rxe1+ 22. Rxe1 Qxb2 23. g5 Nxa4 24. Qxa4 Qxc3 25. Re3 Qb4 26. Qxb4 Bxb4 27. c3
Bc5 28. Re2 Kf8 29. Kf1 a4 30. Re5 Bd6 31. Re2 b5 32. Ke1 a3 33. Bb3 Bf4 34. h4
Bc1 35. Kd1 Bb2 36. Kc2 a2 37. Bxa2 Rxa2 38. Kb1 Ra4 39. Kxb2 Rxh4 40. Kb3 Rg4
41. g6 h5 42. f3 Rf4 43. Re5 h4 44. f6 gxf6 45. Re8+ Kg7 46. gxf7 Kxf7 47. Rh8
Kg7 48. Rh5 Kg6 49. Rh8 Kg5 50. Rg8+ Kf5 51. Rh8 b4 52. cxb4 Rxf3+ 53. Kc2 h3
54. Kd2 Ra3 55. Kc2 Kg4 56. Rg8+ Kf3 57. Rh8 Kg2 58. Kb2 Rg3 59. Re8 h2 60.
Re2+ Kh3 0-1

[Event "4NCL Online Division 4"]
[Site "online"]
[Date "2020.04.21"]
[Round "3.53"]
[White "Webster, Vivien"]
[Black "Whalley, Mark E"]
[Result "1/2-1/2"]
[WhiteElo "1720"]
[BlackElo "1712"]
[PlyCount "110"]
[EventDate "2020.04.21"]
[WhiteTeam "Chessmates"]
[BlackTeam "Urmston"]

1. e4 d5 2. e5 c5 3. Nf3 Nc6 4. Be2 Bg4 5. Bb5 Bd7 6. Bxc6 Bxc6 7. d4 e6 8. O-O
Ne7 9. Bg5 Qb6 10. dxc5 Qxb2 11. Nbd2 Ng6 12. Be3 Be7 13. Bd4 Qa3 14. Nb3 O-O
15. Re1 Bd7 16. Re3 Qa4 17. Rb1 Rab8 18. h4 Bd8 19. h5 Ne7 20. Bc3 Nf5 21. Re1
Qg4 22. Nh2 Qxd1 23. Rbxd1 Ne7 24. Nd4 Nc6 25. Nhf3 Be7 26. Nxc6 bxc6 27. Bd4
Rb5 28. a4 Ra5 29. c4 Bxc5 30. cxd5 cxd5 31. Bxc5 Rxc5 32. Ra1 Ra5 33. Reb1
Rxa4 34. Rxa4 Bxa4 35. Ra1 Bb5 36. Nd4 Bc4 37. Rxa7 h6 38. g4 Kh7 39. Kg2 Kg8
40. Nc6 Kh8 41. Rc7 Bd3 42. Kg3 g6 43. hxg6 Bxg6 44. Ne7 Kg7 45. f4 Be4 46. f5
exf5 47. gxf5 h5 48. Kf4 Kh6 49. Rd7 Re8 50. Nxd5 Bxd5 51. Rxd5 Rg8 52. Rd6+
Kh7 53. e6 fxe6 54. Rxe6 h4 55. Re7+ Kh6 1/2-1/2